Copper in roofing: design and installation

Guardat en:
Dades bibliogràfiques
Autor corporatiu: Copper Development Association (Autor)
Format: Llibre
Idioma:anglès
Publicat: Oxford Copper Development Association 1985
Matèries:
Etiquetes: Afegir etiqueta
Sense etiquetes, Sigues el primer a etiquetar aquest registre!

MARC

LEADER 00000nam a2200000 a 4500
001 UCT2705
003 CL-VaPUC
008 961011e19850000UK |||||||||||||||||eng|d
082 0 4 |a 721.5  |b COP  |2 21 
110 2 |a Copper Development Association  |e author  |9 371693 
245 1 0 |a Copper in roofing: design and installation 
300 |a 67 p 
942 |c BK 
945 |d 19961011 00:00:00  |a nastorga 
260 |a Oxford  |b Copper Development Association  |c 1985 
650 0 |a Construcciones metálicas  |9 267978 
650 0 |a Edificios   |9 260501 
650 0 |a Diseño  |9 260483 
650 0 |a Estructuras  |9 271908 
650 7 |a INSTALACIONES  |2 CL-VaPUC  |9 371694 
650 0 |a Elementos estructurales  |9 350100 
583 |a last modification  |c 19961011 00:00:00  |k Rodrigo Vera 
999 |c 252686  |d 252684 
952 |0 0  |1 0  |4 0  |6 721_500000000000000_COP_1985  |7 0  |8 P  |9 272720  |a BIBARQ  |b BIBARQ  |d 2019-11-19  |i 3237982  |o 721.5 COP 1985  |p 3237982  |r 2025-01-20  |w 2019-11-19  |y BK  |k ARQ